[Event "European Cities & Towns Chess Championship - Women"]
[Site "Central Europe"]
[Date "2023.01.29"]
[Round "4.2.1"]
[White "Houska, Jovanka"]
[Black "Reizniece-Ozola, Dana"]
[Result "0-1"]
[WhiteElo "2338"]
[BlackElo "2265"]
[BlackCountry "LV"]
[BlackFideId "11601124"]
[BlackTeam "Kuldiga CC - Latvia"]
[BlackTitle "WGM"]
[WhiteCountry "GB"]
[WhiteFideId "405094"]
[WhiteTeam "London Women"]
[WhiteTitle "IM"]

1. d4 Nf6 2. Nf3 g6 3. Nbd2 Bg7 4. e4 d6 5. Bb5+ c6 6. Bd3 O-O 7. O-O Qc7 
8. c3 e5 9. dxe5 dxe5 10. a4 Nbd7 11. a5 Nc5 12. Bc2 Rd8 13. Qe2 Ne6 14. 
Nc4 Nf4 15. Qe1 N6h5 16. h3 Be6 17. b3 Nd3 18. Bxd3 Rxd3 19. Be3 Nf4 20. 
Kh2 c5 21. Qc1 Rad8 22. Qc2 f5 23. Nb2 fxe4 24. Ng5 Bf5 25. g4 Qe7 26. 
Nxd3 exd3 27. Qd2 Bxg4 28. hxg4 Qxg5 29. f3 Qh4+ 30. Kg1 Ne2+ 31. Kg2 Qg3+
0-1

[Event "European Cities & Towns Chess Championship - Women"]
[Site "Central Europe"]
[Date "2023.01.29"]
[Round "4.2.2"]
[White "Krumina, Linda"]
[Black "Yao, Lan"]
[Result "0-1"]
[WhiteElo "2073"]
[BlackElo "2271"]
[BlackCountry "GB"]
[BlackFideId "8610835"]
[BlackTeam "London Women"]
[BlackTitle "WIM"]
[Termination "time forfeit"]
[WhiteCountry "LV"]
[WhiteFideId "11601701"]
[WhiteTeam "Kuldiga CC - Latvia"]
[WhiteTitle "WFM"]

1. d4 Nf6 2. Nf3 e6 3. e3 b6 4. Bd3 Bb7 5. b3 c5 6. O-O Be7 7. Bb2 O-O 8. 
Nbd2 d6 9. c4 Nbd7 10. a3 Qc7 11. Rc1 Rac8 12. b4 Rfe8 13. Bb1 Qb8 14. Qe2
Nf8 15. dxc5 bxc5 16. b5 Qa8 17. Rfd1 Ne4 18. a4 Nxd2 19. Nxd2 a6 20. Qg4 
Ng6 21. f4 f5 22. Qh3 axb5 23. axb5 d5 24. Nf3 d4 25. Ng5 Bxg5 26. fxg5 
Rcd8 27. exd4 Nf4 28. Qe3 Nxg2 29. Qe5 Nh4 30. Rf1 Nf3+ 31. Rxf3 Bxf3 32. 
dxc5 Re7 33. c6 Rd2 34. Qc3 Rg2+ 35. Kf1 Qa7 36. c5 Bd5 37. Rd1 Qa4 0-1

[Event "European Cities & Towns Chess Championship - Women"]
[Site "Central Europe"]
[Date "2023.01.29"]
[Round "4.2.3"]
[White "Toma, Katarzyna"]
[Black "Maklakova, Nellija"]
[Result "1-0"]
[WhiteElo "2232"]
[BlackElo "1817"]
[BlackCountry "LV"]
[BlackFideId "11603470"]
[BlackTeam "Kuldiga CC - Latvia"]
[WhiteCountry "GB"]
[WhiteFideId "1119907"]
[WhiteTeam "London Women"]
[WhiteTitle "WGM"]

1. e4 e6 2. d4 d5 3. Nc3 Nf6 4. e5 Nfd7 5. Nce2 c5 6. c3 Nc6 7. Nf3 Be7 8.
 Nf4 g5 9. Nh5 Rg8 10. h3 c4 11. Qc2 Rg6 12. Be2 b5 13. Nh2 f5 14. exf6 
Nxf6 15. Nxf6+ Bxf6 16. Bh5 Kf7 17. Ng4 Bd7 18. O-O Kg7 19. Bxg6 hxg6 20. 
f4 gxf4 21. Bxf4 Nxd4 22. cxd4 Bxd4+ 23. Kh1 Kh7 24. Be5 Bxe5 25. Nxe5 Be8
26. Rf8 Qd6 27. Rxe8 Qxe5 28. Rxa8 1-0

[Event "European Cities & Towns Chess Championship - Women"]
[Site "Central Europe"]
[Date "2023.01.29"]
[Round "4.2.4"]
[White "Kane, Marta"]
[Black "Hryshchenko, Kamila"]
[Result "1/2-1/2"]
[WhiteElo "1836"]
[BlackElo "2139"]
[BlackCountry "GB"]
[BlackFideId "14147491"]
[BlackTeam "London Women"]
[WhiteCountry "LV"]
[WhiteFideId "11603569"]
[WhiteTeam "Kuldiga CC - Latvia"]

1. d4 d6 2. Nf3 g6 3. Bf4 Bg7 4. e3 Nf6 5. Bd3 O-O 6. h3 Nbd7 7. O-O Qe8 
8. Bg5 e5 9. dxe5 dxe5 10. Bc4 Ne4 11. Nbd2 Nxg5 12. Nxg5 Qe7 13. Nge4 Kh8
14. Nc3 c6 15. Nde4 Nb6 16. Bb3 Rd8 17. Qe2 f5 18. Nd2 e4 19. Rfd1 Be6 20.
 Nc4 Nd5 21. Nxd5 cxd5 22. Nd2 Bxb2 23. Rab1 Bg7 24. Ba4 Rac8 25. Nb3 Qa3 
26. Nd4 Bg8 27. Bb3 a6 28. Rbc1 Rc3 29. Qd2 Rdc8 30. g3 Qe7 31. Kg2 Qc7 
32. Qe2 Be5 33. Qd2 Bg7 34. Qe2 b5 35. Qd2 Qb6 36. Ne2 R3c5 37. Nd4 a5 38.
 a4 b4 39. Ne2 Bf7 40. Nd4 h6 41. Kg1 Qf6 42. Kg2 g5 43. Qe2 Qg6 44. Nb5 
Qa6 45. Rd2 Rd8 46. Rcd1 Qg6 47. Nd4 f4 48. exf4 gxf4 49. Qg4 e3 50. fxe3 
fxe3 51. Re2 Qxg4 52. hxg4 Bxd4 53. Rxd4 Rc3 54. Kf3 Re8 55. Kg2 Bg8 56. 
Kf3 Bf7 57. Kg2 Kg7 58. Kf3 Kg6 59. Rf4 Be6 60. Rd4 Bf7 61. Bxd5 Bxd5+ 62.
 Rxd5 Rf8+ 63. Kg2 Rf2+ 64. Rxf2 exf2 65. Kxf2 Rxc2+ 66. Kf3 Rc3+ 67. Kf2 
Rc2+ 68. Kf3 Rc3+ 69. Kf2 Rc2+ 1/2-1/2

[Event "European Cities & Towns Chess Championship - Women"]
[Site "Central Europe"]
[Date "2023.01.29"]
[Round "4.3.1"]
[White "Cramling, Pia"]
[Black "Unuk, Laura"]
[Result "1/2-1/2"]
[WhiteElo "2458"]
[BlackElo "2296"]
[BlackCountry "SI"]
[BlackFideId "14609215"]
[BlackTeam "Ljubljana Women"]
[BlackTitle "IM"]
[WhiteCountry "SE"]
[WhiteFideId "1700030"]
[WhiteTeam "Stockholm 2 - Sweden"]
[WhiteTitle "GM"]

1. d4 Nf6 2. Nf3 d5 3. c4 e6 4. Nc3 Be7 5. Bg5 Nbd7 6. e3 c6 7. Qc2 O-O 8.
 Rd1 Nh5 9. Bxe7 Qxe7 10. Bd3 g6 11. O-O Nhf6 12. h3 dxc4 13. Bxc4 e5 14. 
d5 cxd5 15. Nxd5 Nxd5 16. Bxd5 Nb6 17. e4 Nxd5 18. Rxd5 Be6 19. Rxe5 Qf6 
20. Rc5 Bxh3 21. e5 Qf4 22. Rc4 Bf5 23. Qb3 Qh6 24. Rh4 Qg7 25. Qxb7 Rab8 
26. Qxa7 Rxb2 27. Rd4 g5 28. Qe7 g4 29. Nh4 Be6 30. a4 g3 31. Qf6 gxf2+ 
32. Rxf2 Rxf2 33. Kxf2 Qxf6+ 34. exf6 h5 35. Nf3 Kh7 36. Ne5 Kh6 37. Nd3 
Kg5 38. Nf4 Kxf6 39. Nxh5+ Ke5 40. Rb4 Ra8 41. Nf4 Bd7 42. Nd3+ Kd5 43. 
Nb2 f5 44. g3 Kc5 45. Rc4+ Kd5 46. Ke3 Re8+ 47. Kd3 Rb8 48. Rd4+ Ke6 49. 
Kc3 Rc8+ 50. Kd2 Rb8 51. Kc2 Bc6 52. Rc4 Be4+ 53. Kc1 Kd5 54. Rc3 Ke5 55. 
a5 Ra8 56. Ra3 f4 57. gxf4+ Kxf4 58. Nc4 Ra6 59. Nb6 Ke5 60. Kd2 Ra7 61. 
Kc3 Bb7 62. Kb4 Ba6 63. Rc3 Kd6 64. Rc5 Rh7 65. Rc3 Rh4+ 66. Kb3 Rh5 67. 
Kb4 Rh4+ 68. Kb3 Rh5 69. Kb4 Rh4+ 1/2-1/2

[Event "European Cities & Towns Chess Championship - Women"]
[Site "Central Europe"]
[Date "2023.01.29"]
[Round "4.3.2"]
[White "Urh, Zala"]
[Black "Tetenkina, Irina"]
[Result "1-0"]
[WhiteElo "2282"]
[BlackElo "2213"]
[BlackCountry "SE"]
[BlackFideId "13500996"]
[BlackTeam "Stockholm 2 - Sweden"]
[BlackTitle "WIM"]
[WhiteCountry "SI"]
[WhiteFideId "14611481"]
[WhiteTeam "Ljubljana Women"]
[WhiteTitle "WIM"]

1. d4 d5 2. Nf3 Nf6 3. Bf4 e6 4. e3 Be7 5. Nbd2 c5 6. c3 Nc6 7. Bd3 O-O 8.
 h4 Bd7 9. h5 Re8 10. h6 g6 11. Ne5 Na5 12. Qf3 Qb6 13. Bg5 Qd8 14. Bxf6 
Bxf6 15. Nxd7 Qxd7 16. Qxf6 cxd4 17. Qg7# 1-0

[Event "European Cities & Towns Chess Championship - Women"]
[Site "Central Europe"]
[Date "2023.01.29"]
[Round "4.3.3"]
[White "Johansson, Viktoria"]
[Black "Vidic, Teja"]
[Result "0-1"]
[WhiteElo "2042"]
[BlackElo "2138"]
[BlackCountry "SI"]
[BlackFideId "14605511"]
[BlackTeam "Ljubljana Women"]
[BlackTitle "WIM"]
[WhiteCountry "SE"]
[WhiteFideId "1701940"]
[WhiteTeam "Stockholm 2 - Sweden"]
[WhiteTitle "WIM"]

1. d4 d5 2. c4 c6 3. Nf3 Nf6 4. Nc3 dxc4 5. a4 Bf5 6. Bf4 e6 7. e3 Nd5 8. 
Bxb8 Rxb8 9. Bxc4 Bb4 10. Bxd5 exd5 11. h3 O-O 12. O-O a5 13. Rc1 Bd6 14. 
Ne5 Re8 15. Qf3 Be6 16. Nd3 Qh4 17. Ne2 h5 18. Nef4 g6 19. Nxe6 Rxe6 20. 
Nc5 Re7 21. Rfe1 Rbe8 22. Qd1 g5 23. Qd3 g4 24. Qf5 g3 25. f3 Qxd4 26. 
Qxh5 Rxe3 27. Qg5+ Qg7 28. Qxg7+ Kxg7 29. Rxe3 Rxe3 30. Nxb7 Bb4 31. Kf1 
d4 32. Nc5 d3 33. Ne4 d2 34. Nxd2 Bxd2 35. Rd1 Bb4 36. Rc1 c5 37. Rd1 Kf6 
38. Rd6+ Ke5 39. Rd1 c4 40. Rc1 Kd4 41. Rd1+ Rd3 42. Rc1 Rd2 43. Rb1 Rf2+ 
44. Kg1 Kd3 45. b3 c3 46. Rd1+ Rd2 47. Rc1 c2 48. Kf1 Rd1+ 0-1

[Event "European Cities & Towns Chess Championship - Women"]
[Site "Central Europe"]
[Date "2023.01.29"]
[Round "4.3.4"]
[White "Rozman, Monika"]
[Black "Andric, Jelena"]
[Result "1-0"]
[WhiteElo "2125"]
[BlackElo "1967"]
[BlackCountry "SE"]
[BlackFideId "919853"]
[BlackTeam "Stockholm 2 - Sweden"]
[BlackTitle "WFM"]
[WhiteCountry "SI"]
[WhiteFideId "14609118"]
[WhiteTeam "Ljubljana Women"]
[WhiteTitle "WFM"]

1. e4 g6 2. d4 Bg7 3. Be3 c5 4. Nf3 cxd4 5. Nxd4 Nc6 6. Nc3 d6 7. Bc4 Nf6 
8. h3 O-O 9. Bb3 Na5 10. O-O Nxb3 11. axb3 Bd7 12. Re1 a6 13. Nf3 Bc6 14. 
Bg5 Nd7 15. Nd4 Rc8 16. Nxc6 Rxc6 17. Nd5 f6 18. Be3 Nc5 19. Nf4 Qc8 20. 
Bxc5 Rxc5 21. c3 Bh6 22. Nd5 Kf7 23. b4 Rc6 24. b5 axb5 25. Nb4 Rc5 26. 
Qb3+ Qe6 27. Qxe6+ Kxe6 28. Ra7 Rc7 29. Nd5 Ke5 30. Nxc7 1-0

[Event "European Cities & Towns Chess Championship - Women"]
[Site "Central Europe"]
[Date "2023.01.29"]
[Round "4.4.1"]
[White "Tsapaki, Asimenia"]
[Black "Can, Isil"]
[Result "1-0"]
[WhiteElo "1498"]
[BlackElo "2007"]
[BlackCountry "TR"]
[BlackFideId "34505733"]
[BlackTeam "Istanbul"]
[BlackTitle "WCM"]
[WhiteCountry "GR"]
[WhiteFideId "25845365"]
[WhiteTeam "Heraklion Women"]

1. e4 e5 2. Nf3 Nc6 3. d4 exd4 4. Bc4 Nf6 5. O-O Nxe4 6. Re1 d5 7. Bxd5 
Qxd5 8. Nc3 Qa5 9. Nxe4 Be6 10. Neg5 O-O-O 11. Nxe6 fxe6 12. Rxe6 h6 13. 
Bf4 g5 14. Bg3 h5 15. Be5 Rg8 16. Bf6 Qf5 17. Qe2 g4 18. Nh4 Qc5 19. Bxd8 
Nxd8 20. Re8 Rg7 21. Qe6+ Rd7 22. Re1 Be7 23. Ng6 Bh4 24. Nxh4 1-0

[Event "European Cities & Towns Chess Championship - Women"]
[Site "Central Europe"]
[Date "2023.01.29"]
[Round "4.4.2"]
[White "Onur, Cigdem"]
[Black "Kontogianni, Vasiliki (Vivian)"]
[Result "1-0"]
[WhiteElo "1922"]
[BlackElo "1442"]
[BlackCountry "GR"]
[BlackFideId "42106672"]
[BlackTeam "Heraklion Women"]
[WhiteCountry "TR"]
[WhiteFideId "6346030"]
[WhiteTeam "Istanbul"]
[WhiteTitle "WCM"]

1. e4 c5 2. Nf3 g6 3. d4 cxd4 4. Qxd4 Nf6 5. e5 Nc6 6. Qa4 Nd5 7. Qe4 Nc7 
8. Bf4 Bg7 9. Nc3 O-O 10. O-O-O Ne6 11. h4 Nxf4 12. Qxf4 h5 13. Bc4 Qa5 
14. Nd5 Qc5 15. g4 hxg4 16. h5 Na5 17. hxg6 Nxc4 18. Qxc4 Bh6+ 19. Rxh6 
Qxc4 20. Nxe7+ Kg7 21. Rh7# 1-0

[Event "European Cities & Towns Chess Championship - Women"]
[Site "Central Europe"]
[Date "2023.01.29"]
[Round "4.4.3"]
[White "Varveraki, Argiri"]
[Black "Hereklioglu, Sude"]
[Result "0-1"]
[WhiteElo "1404"]
[BlackElo "1911"]
[BlackCountry "TR"]
[BlackFideId "6359531"]
[BlackTeam "Istanbul"]
[BlackTitle "WFM"]
[WhiteCountry "GR"]
[WhiteFideId "4217667"]
[WhiteTeam "Heraklion Women"]

1. e4 c5 2. Nc3 Nc6 3. g3 g6 4. Bg2 Bg7 5. Nge2 e6 6. O-O Nge7 7. d3 O-O 
8. f4 d5 9. Bd2 d4 10. Nb5 a6 11. Na3 b5 12. c3 dxc3 13. bxc3 Qxd3 14. e5 
Bb7 15. Nc2 Rfd8 16. Be3 Qc4 17. Qe1 Qa4 18. Qc1 c4 19. Bb6 Rd7 20. Be3 
Nd5 21. Bd4 Nxd4 22. Nexd4 Nxc3 23. Bxb7 Rxb7 24. Rd1 Nxd1 25. Qxd1 Rd7 
26. Qf3 Rc8 27. a3 c3 28. Rd1 Rcd8 29. Qxc3 Bf8 30. Rd3 Qc4 31. Kf2 Qxc3 
32. Rxc3 Rxd4 33. Nxd4 Rxd4 34. Ke3 Ra4 35. Kd3 Rxa3 36. Rxa3 Bxa3 37. h4 
Bc5 38. g4 a5 39. h5 gxh5 40. gxh5 Kg7 0-1

[Event "European Cities & Towns Chess Championship - Women"]
[Site "Central Europe"]
[Date "2023.01.29"]
[Round "4.4.4"]
[White "Mustu, Hatice Asli"]
[Black "Papadimitriou, Argyro"]
[Result "1-0"]
[WhiteElo "1903"]
[BlackElo "1000"]
[BlackCountry "GR"]
[BlackFideId "42133041"]
[BlackTeam "Heraklion Women"]
[Termination "time forfeit"]
[WhiteCountry "TR"]
[WhiteFideId "34576843"]
[WhiteTeam "Istanbul"]

1. d4 Nf6 2. Nf3 e6 3. c4 Bb4+ 4. Bd2 Bxd2+ 5. Nbxd2 d6 6. g3 h6 7. Bg2 
O-O 8. O-O Nc6 9. e4 e5 10. d5 Ne7 11. Qc2 Ng6 12. b4 b6 13. c5 Bg4 14. 
Rfc1 Rc8 15. Qa4 bxc5 16. bxc5 Nd7 17. cxd6 cxd6 18. Rxc8 Qxc8 19. Qxa7 
Nc5 20. Qb6 Rd8 21. Rc1 Qb8 22. Qa5 Qa8 23. Qxa8 Rxa8 24. Rc2 Nd3 25. Rc3 
Nb4 26. a3 Na2 27. Re3 Nc1 28. Nc4 Bxf3 29. Bxf3 Rd8 30. Rc3 Na2 31. Rc2 
Rc8 32. Be2 Nb4 33. axb4 Ra8 34. b5 Rb8 35. b6 Kf8 36. Rb2 Ke7 37. b7 Nf8 
38. Na5 Kf6 39. Nc6 Nd7 40. Nxb8 Nxb8 41. Rc2 g5 42. Rc8 Na6 43. Bxa6 h5 
44. b8=Q 1-0

[Event "European Cities & Towns Chess Championship - Women"]
[Site "Central Europe"]
[Date "2023.01.29"]
[Round "4.5.1"]
[White "Gkoutzouki, Aikaterini Argyro"]
[Black "Stefanidi, Maria-Anna"]
[Result "1-0"]
[WhiteElo "1742"]
[BlackElo "1955"]
[BlackCountry "GR"]
[BlackFideId "4207750"]
[BlackTeam "Kallithea - Athens"]
[BlackTitle "WFM"]
[WhiteCountry "GR"]
[WhiteFideId "25838105"]
[WhiteTeam "Corfu, Greece"]

1. d4 d5 2. c4 Nf6 3. Nf3 c6 4. Qc2 Bg4 5. e3 e6 6. Be2 Bd6 7. h3 Bh5 8. 
Nbd2 Nbd7 9. b3 Rc8 10. c5 Bb8 11. Bb2 Qe7 12. b4 O-O 13. O-O e5 14. dxe5 
Nxe5 15. Rfe1 Bg6 16. Qb3 Nxf3+ 17. Nxf3 Ne4 18. Bd3 Rce8 19. Bxe4 Bxe4 
20. Nd2 Qc7 21. g3 Bf5 22. Kg2 Qd7 23. Rh1 Be6 24. Qc3 d4 25. Qxd4 Bd5+ 
26. e4 Be5 27. Qxe5 Rxe5 28. Bxe5 Bxe4+ 29. Nxe4 Qd4 30. Bxd4 1-0

[Event "European Cities & Towns Chess Championship - Women"]
[Site "Central Europe"]
[Date "2023.01.29"]
[Round "4.5.2"]
[White "Tsouba, Maria"]
[Black "Sklavounou, Kalliopi"]
[Result "1-0"]
[WhiteElo "1672"]
[BlackElo "1375"]
[BlackCountry "GR"]
[BlackFideId "25839250"]
[BlackTeam "Corfu, Greece"]
[WhiteCountry "GR"]
[WhiteFideId "4231643"]
[WhiteTeam "Kallithea - Athens"]

1. e4 c5 2. Nf3 d6 3. d4 cxd4 4. Nxd4 Nf6 5. Nc3 a6 6. Be3 e5 7. Nb3 Be6 
8. Be2 Be7 9. O-O O-O 10. Qd2 Nbd7 11. Kh1 b5 12. f4 exf4 13. Bxf4 b4 14. 
Nd5 Nxe4 15. Nxe7+ Qxe7 16. Qxb4 Nec5 17. Bf3 Rab8 18. Qd2 Nxb3 19. axb3 
Ne5 20. Rxa6 Rbd8 21. Qe2 Ng6 22. Bg3 d5 23. c3 Qc5 24. Bf2 Qc7 25. Bb6 
Qb7 26. Bxd8 Rxd8 27. Rfa1 Nf4 28. Qe3 g5 29. Qe5 h6 30. Qf6 Rb8 31. Qxh6 
Qe7 32. Ra8 Re8 33. Rxe8+ Qxe8 34. Qxg5+ Ng6 35. h4 1-0

[Event "European Cities & Towns Chess Championship - Women"]
[Site "Central Europe"]
[Date "2023.01.29"]
[Round "4.5.3"]
[White "Sklavounou, Iliana"]
[Black "Zarkada, Athina"]
[Result "0-1"]
[WhiteElo "1296"]
[BlackElo "1219"]
[BlackCountry "GR"]
[BlackFideId "25890239"]
[BlackTeam "Kallithea - Athens"]
[WhiteCountry "GR"]
[WhiteFideId "25829238"]
[WhiteTeam "Corfu, Greece"]

1. e4 c5 2. Nf3 d6 3. d4 cxd4 4. Nxd4 Nf6 5. Nc3 a6 6. h3 e5 7. Nde2 Be6 
8. Bg5 Be7 9. Bxf6 Bxf6 10. Nd5 O-O 11. Nec3 b5 12. a3 Nd7 13. Be2 Nc5 14.
 O-O Bg5 15. Bg4 Qd7 16. Nb6 Qc6 17. Nxa8 Rxa8 18. Bxe6 fxe6 19. f3 Rd8 
20. Qe2 Nd7 21. Rfd1 Nb6 22. Na2 a5 23. b3 Bf4 24. c3 d5 25. exd5 exd5 26.
 Rd3 Qc5+ 27. Qf2 d4 28. b4 axb4 29. cxb4 Qc4 30. Qe2 Nd5 31. Rb1 Be3+ 32.
 Kf1 Nf4 33. Rc3 Qxe2# 0-1

[Event "European Cities & Towns Chess Championship - Women"]
[Site "Central Europe"]
[Date "2023.01.29"]
[Round "4.5.4"]
[White "Giannakopoulou, Sotiria"]
[Black "Vlahopoulou, Valeria"]
[Result "1-0"]
[WhiteElo "1000"]
[BlackElo "1000"]
[BlackTeam "Corfu, Greece"]
[WhiteCountry "GR"]
[WhiteFideId "25883763"]
[WhiteTeam "Kallithea - Athens"]

1. e4 e5 2. Nf3 Nc6 3. Nc3 Nf6 4. Bc4 Bc5 5. O-O O-O 6. d3 d6 7. h3 h6 8. 
Bd2 Be6 9. Bb3 Bxb3 10. axb3 Nd4 11. Nxd4 Bxd4 12. Qe2 Qe7 13. Ra4 c6 14. 
Be3 b5 15. Raa1 d5 16. exd5 Nxd5 17. Nxd5 cxd5 18. Bxd4 Rfe8 19. Be3 d4 
20. Bd2 Rac8 21. c3 f5 22. Rfe1 dxc3 23. bxc3 Qe6 24. b4 Rcd8 25. Rxa7 Qd6
26. d4 exd4 27. Qxb5 dxc3 28. Bxc3 Rxe1+ 29. Bxe1 Rc8 30. Qb7 Rc1 31. 
Qxg7# 1-0

[Event "European Cities & Towns Chess Championship - Women"]
[Site "Central Europe"]
[Date "2023.01.29"]
[Round "4.6.1"]
[White "Lehaci, Miruna-Daria"]
[Black "Pica, Eleni"]
[Result "1-0"]
[WhiteElo "2154"]
[BlackElo "1048"]
[BlackCountry "CY"]
[BlackFideId "5910005"]
[BlackTeam "Nicosia"]
[Termination "time forfeit"]
[WhiteCountry "RO"]
[WhiteFideId "1234765"]
[WhiteTeam "Iasi"]
[WhiteTitle "WIM"]

1. e4 e5 2. Nf3 Nc6 3. Bc4 Bc5 4. c3 f5 5. d4 exd4 6. cxd4 Bb4+ 7. Bd2 
Bxd2+ 8. Nbxd2 fxe4 9. Ne5 Nxe5 10. dxe5 d5 11. exd6 cxd6 12. Nxe4 Qe7 13.
 O-O Nf6 14. Nxd6+ Kf8 15. Re1 Qc7 16. Rc1 Qb6 17. Nf7 Bg4 18. Qd2 Rg8 19.
 Ne5 Rd8 20. Qf4 g5 21. Qg3 1-0

[Event "European Cities & Towns Chess Championship - Women"]
[Site "Central Europe"]
[Date "2023.01.29"]
[Round "4.6.2"]
[White "Antoniou, Evalena"]
[Black "Obada, Ema"]
[Result "0-1"]
[WhiteElo "1000"]
[BlackElo "2106"]
[BlackCountry "RO"]
[BlackFideId "1234803"]
[BlackTeam "Iasi"]
[BlackTitle "WCM"]
[WhiteCountry "CY"]
[WhiteFideId "5908744"]
[WhiteTeam "Nicosia"]

1. e4 e6 2. Bc4 d5 3. exd5 exd5 4. Bd3 Nf6 5. Nf3 Bd6 6. O-O O-O 7. Nc3 c5
8. Bb5 a6 9. Ba4 b5 10. Bb3 c4 11. Bxc4 dxc4 12. d3 cxd3 13. cxd3 Nc6 14. 
Bg5 h6 15. Bh4 g5 16. Bg3 Bxg3 17. hxg3 Bg4 18. Qe2 Re8 19. Qd1 Ne5 20. 
Ne4 Nxe4 21. dxe4 Qxd1 22. Raxd1 Nxf3+ 23. gxf3 Bxf3 24. Rde1 Rxe4 25. Rd1
Bxd1 26. Rxd1 Re2 27. Rf1 Rxb2 28. a3 Ra2 29. a4 Rxa4 30. f4 gxf4 31. gxf4
Ra2 32. f5 Kh7 33. f6 Rg8+ 34. Kh1 Rgg2 35. Re1 Rge2 36. Rf1 Rh2+ 37. Kg1 
Rag2# 0-1

[Event "European Cities & Towns Chess Championship - Women"]
[Site "Central Europe"]
[Date "2023.01.29"]
[Round "4.6.3"]
[White "Andries, Alexia"]
[Black "Drakoularakou, Evangelia"]
[Result "1-0"]
[WhiteElo "1567"]
[BlackElo "1000"]
[BlackTeam "Nicosia"]
[WhiteCountry "RO"]
[WhiteFideId "1267272"]
[WhiteTeam "Iasi"]

1. d4 d5 2. c4 dxc4 3. e3 Nf6 4. Bxc4 e5 5. Nc3 exd4 6. exd4 Nc6 7. Nf3 a5
8. O-O h5 9. Re1+ Be7 10. d5 Ne5 11. Rxe5 O-O 12. Bg5 c6 13. dxc6 bxc6 14.
 Qxd8 Rxd8 15. Rxe7 Kf8 16. Rxf7+ Ke8 17. Re1+ Be6 18. Bxe6 Rdc8 19. Bf5+ 
Kd8 20. Rd7# 1-0

[Event "European Cities & Towns Chess Championship - Women"]
[Site "Central Europe"]
[Date "2023.01.29"]
[Round "4.6.4"]
[White "Miltiadou, Danai"]
[Black "Cretu, Sofia"]
[Result "1-0"]
[WhiteElo "1000"]
[BlackElo "1221"]
[BlackCountry "RO"]
[BlackFideId "1283790"]
[BlackTeam "Iasi"]
[WhiteCountry "CY"]
[WhiteFideId "5906865"]
[WhiteTeam "Nicosia"]

1. e4 c5 2. Nf3 d6 3. Nc3 Nf6 4. d4 cxd4 5. Nxd4 g6 6. Bd2 Bg7 7. Nf3 O-O 
8. Bc4 Nc6 9. Qe2 a6 10. Bf4 b5 11. Bd5 Bb7 12. Bxc6 Bxc6 13. e5 dxe5 14. 
Bxe5 Qd7 15. O-O Ng4 16. Bxg7 Kxg7 17. h3 Nf6 18. Ne5 Qb7 19. Nxc6 Qxc6 
20. Qxe7 Rfe8 21. Qb4 Nd5 22. Qd4+ Nf6 23. Rfe1 Rad8 24. Qb4 Nh5 25. Rxe8 
Rxe8 26. Rd1 Qf6 27. Nd5 Qc6 28. Qd4+ Kf8 29. Qh8# 1-0

[Event "European Cities & Towns Chess Championship - Women"]
[Site "Central Europe"]
[Date "2023.01.29"]
[Round "5.1.1"]
[White "Unuk, Laura"]
[Black "Houska, Jovanka"]
[Result "1-0"]
[WhiteElo "2296"]
[BlackElo "2338"]
[BlackCountry "GB"]
[BlackFideId "405094"]
[BlackTeam "London Women"]
[BlackTitle "IM"]
[WhiteCountry "SI"]
[WhiteFideId "14609215"]
[WhiteTeam "Ljubljana Women"]
[WhiteTitle "IM"]

1. d4 d5 2. c4 e6 3. Nc3 Nf6 4. Nf3 Nbd7 5. Bg5 Be7 6. e3 h6 7. Bh4 O-O 8.
 Qc2 a6 9. Rd1 dxc4 10. Bxc4 b5 11. Bd3 Bb7 12. O-O Rc8 13. Qe2 c5 14. 
dxc5 Rxc5 15. Bb1 Qc8 16. Ne4 Bxe4 17. Bxe4 g5 18. Bb1 gxh4 19. Rd4 Rc4 
20. Nxh4 Rxd4 21. exd4 Qc4 22. Qe3 Kg7 23. Qg3+ Kh8 24. Qf4 Ng8 25. Nf3 
Qd5 26. Re1 Bg5 27. Qc7 Bd8 28. Qc2 f5 29. h3 Ngf6 30. Qd2 Kh7 31. Qf4 Rg8
32. Rxe6 Qxe6 33. Bxf5+ Qxf5 34. Qxf5+ Kh8 35. Ne5 Nxe5 36. dxe5 Nh7 37. 
Qe6 Bg5 38. Qxa6 Bf4 39. Qxb5 Rd8 40. g3 Bg5 41. a4 Nf8 42. h4 Be7 43. Qc6
Kg7 44. a5 Rd1+ 45. Kg2 h5 46. a6 Ra1 47. Qb7 Ng6 48. a7 1-0

[Event "European Cities & Towns Chess Championship - Women"]
[Site "Central Europe"]
[Date "2023.01.29"]
[Round "5.1.2"]
[White "Yao, Lan"]
[Black "Urh, Zala"]
[Result "1/2-1/2"]
[WhiteElo "2271"]
[BlackElo "2282"]
[BlackCountry "SI"]
[BlackFideId "14611481"]
[BlackTeam "Ljubljana Women"]
[BlackTitle "WIM"]
[WhiteCountry "GB"]
[WhiteFideId "8610835"]
[WhiteTeam "London Women"]
[WhiteTitle "WIM"]

1. e4 c5 2. Nf3 Nc6 3. Bb5 e5 4. c3 Bd6 5. O-O a6 6. Bxc6 dxc6 7. d4 exd4 
8. cxd4 Bg4 9. dxc5 Bxc5 10. Qc2 Ba7 11. Nbd2 Ne7 12. h3 Bh5 13. b3 O-O 
14. Bb2 f6 15. Qc3 Qc7 16. Nd4 Bf7 17. N2f3 c5 18. Nc2 Qf4 19. Qe3 Qxe3 
20. Nxe3 Bg6 21. e5 fxe5 22. Nxe5 Be4 23. Rad1 Rad8 24. Nd7 Rfe8 25. Nc4 
Nc8 26. Rfe1 Bf5 27. Rxe8+ Rxe8 28. Nde5 b5 29. Ne3 Be6 30. g4 Bb6 31. Kg2
Rd8 32. Rxd8+ Bxd8 33. f4 Nd6 34. Kf3 Bf6 35. g5 Bd8 36. h4 h6 37. Kg3 
hxg5 38. hxg5 Nf5+ 39. Nxf5 Bxf5 40. Kf3 Bc7 41. Ke3 g6 42. Nf3 Kf7 43. 
Ne5+ Ke6 44. a3 Kd5 45. Nf3 Bb6 46. Nh4 Bc2 47. Kd2 Be4 48. f5 gxf5 49. g6
f4 50. g7 Bh7 51. Ng6 Kd6 52. Nxf4 Ke7 53. Nh5 Kf7 54. Ke2 Bd8 55. Ke3 Bg8
56. Ke4 Kg6 57. Nf4+ Kh7 58. Nd5 Kg6 59. a4 bxa4 60. bxa4 c4 61. Kd4 Kxg7 
62. Kxc4+ Kf7 63. Kc5 Ke6 64. Nb4 Be7+ 65. Kc4 Kd6+ 66. Kc3 Bf6+ 67. Kc2 
Bxb2 68. Kxb2 a5 69. Nc2 Kc5 70. Ka3 Bh7 71. Na1 Kb6 72. Nb3 Bg8 73. Nxa5 
Kxa5 74. Kb2 Kxa4 1/2-1/2